000 00461nam a2200169Ia 4500
999 _c36878
_d36878
003 OSt
005 20210121124650.0
008 190216s9999||||xx |||||||||||||| ||und||
040 _coclc
082 _a421
_bPUB/S
100 _aPublishers
_93512
245 0 _aSelf Letter Drafting Course /
_cPublishers
260 _bPusthak Mahal,
_c2008.
_aDelhi:
300 _a374p
650 _aReferences
942 _cBK
_2ddc
_h421
_iPUB/S
_k421
_mPUB/S